|
|
|
|
| LEADER |
01527nam a2200397Ia 4500 |
| 001 |
EBC460308 |
| 003 |
MiAaPQ |
| 005 |
20200520144314.0 |
| 006 |
m o d | |
| 007 |
cr cn||||||||| |
| 008 |
090611s2010 nyub sb 001 0 eng d |
| 010 |
|
|
|z 2009022984
|
| 020 |
|
|
|z 9780415459358 (cloth : alk. paper)
|
| 020 |
|
|
|z 0415459354 (cloth : alk. paper)
|
| 020 |
|
|
|a 9780203864210 (electronic bk.)
|
| 020 |
|
|
|a 0203864212 (electronic bk.)
|
| 035 |
|
|
|a (MiAaPQ)EBC460308
|
| 035 |
|
|
|a (Au-PeEL)EBL460308
|
| 035 |
|
|
|a (CaPaEBR)ebr10349683
|
| 035 |
|
|
|a (CaONFJC)MIL237681
|
| 035 |
|
|
|a (OCoLC)503605792
|
| 040 |
|
|
|a MiAaPQ
|c MiAaPQ
|d MiAaPQ
|
| 050 |
|
4 |
|a HD60.5.A78
|b C67 2010
|
| 245 |
0 |
0 |
|a Corporate social responsibility in Asia
|h [electronic resource] /
|c edited by Kyoko Fukukawa.
|
| 260 |
|
|
|a New York :
|b Routledge,
|c 2010.
|
| 300 |
|
|
|a xv, 169 p. :
|b map.
|
| 490 |
1 |
|
|a Routledge international business in Asia series ;
|v 5
|
| 504 |
|
|
|a Includes bibliographical references and index.
|
| 533 |
|
|
|a Electronic reproduction. Ann Arbor, MI : ProQuest, 2015. Available via World Wide Web. Access may be limited to ProQuest affiliated libraries.
|
| 650 |
|
0 |
|a Social responsibility of business
|z Asia.
|
| 650 |
|
0 |
|a Business ethics
|z Asia.
|
| 655 |
|
4 |
|a Electronic books.
|
| 700 |
1 |
|
|a Fukukawa, Kyoko.
|
| 710 |
2 |
|
|a ProQuest (Firm)
|
| 830 |
|
0 |
|a Routledge international business in Asia series ;
|v 5.
|
| 856 |
4 |
0 |
|u https://ebookcentral.proquest.com/lib/matrademy/detail.action?docID=460308
|z Click to View
|